000 00887nam a2200145 4500
008 370.1 F866m
020 _a9786070307928
082 _b370.1
_2F866m
100 _aFreire, Paulo
_96237
245 _aEl maestro sin recetas
_bEl desafío de enseñar en un mundo cambiante
260 _aMéxico
_bSiglo XXI
_c2016
300 _a192 p.
_c21 x 14 cm
505 _tPresentación
_tDerechos humanos y educación liberadora
_tEducar al educador
_tUna conversación con alumnos
_tLa alfabetización desde la perspectiva de la educación popular
_tAlfabetización: lectura del mundo, lectura de la palabra
_tDebate sobre la posmodernidad
_tCambiar es difícil, pero posible
_tAlfabetización en ciencias
_tPosfacio, Olgair Gomes García
_tFuentes de los extos
_tReferencias bibliográficas
650 _xEducación
_xpedagogía crítica
_xeducación - filosofía
_xeducación - aspectos sociales
_xalfabetizacón
_96247
999 _c1430
_d1430